header

Lung cancer treatment (Record no. 13059)

MARC details
000 -LEADER
fixed length control field 02197nam a2200373 a 4500
082 04 - DEWEY DECIMAL CLASSIFICATION NUMBER
Classification number 616.99/424
245 00 - TITLE STATEMENT
Title Lung cancer treatment
260 ## - PUBLICATION, DISTRIBUTION, ETC. (IMPRINT)
Place of publication New York :
Name of publisher Nova Science Publishers, Inc.,
Year of publication c2011.
300 ## - PHYSICAL DESCRIPTION
Number of Pages x, 157 p. :
Other physical details ill. (some col.).
490 1# - SERIES STATEMENT
Series statement Cancer etiology, diagnosis and treatments
500 ## - GENERAL NOTE
General note "Nova biomedical"--cover.
505 0# - FORMATTED CONTENTS NOTE
Formatted contents note Epidermal growth factor tyrosine kinase inhibitors in the management of advanced stage non-small cell lung cancer / Ross A. Soo, Tony Mok -- Lung cancer brachytherapy / Janusz Skowronek -- Update chemotherapy schedule in the treatment of lung cancer / V. Scotti ... [et al.] -- Treatment of small cell lung cancer / Jairam Krishnamurthy ... [et al.] -- Volumetric modulated arc therapy in the treatment of lung cancer / Merina Ahmed, Maria Hawkins -- Future individualized therapy for lung cancer in post-genomic era / Shih-Hsin Hsiao ... [et al.] -- Pulmonary drug delivery system : inhalable nanocomposite particles for the treatment of lung cancer / Kimiko Makino ... [et al.] -- Lung cancer treatment / A. Hatem -- Lung cancer treatment / Hiroshi Onishi.
650 #0 - SUBJECT ADDED ENTRY--TOPICAL TERM
Topical Term Lungs
700 1# - ADDED ENTRY--PERSONAL NAME
Personal name West, Brandon S.
Personal name Stanley, Donna R.
856 40 - ELECTRONIC LOCATION AND ACCESS
Uniform Resource Identifier http://site.ebrary.com/lib/rucke/Doc?id=10686331

No items available.

© 2026 Rongo University
Contact us: librarian | system librarian | Rongo university